000 00445nam a22001577a 4500
005 20240822093926.0
008 240822b |||||||| |||| 00| 0 eng d
041 _a04090346X
082 _a349 LAW
100 _lEnglish
245 _aThe Lawyer's Yearbook
260 _aDurban:
_bButterworth Publishers (Pty) Ltd,
_c1997
300 _b315 pages;
_c18 cm.
650 _aLegal practice
_bLaw
942 _cBK
_6ALISON_BN_VRIES
999 _c2769
_d2769